Experiencias en la gestin̤ ambiental para la recuperacin̤ y conservacin̤...

保存先:
書誌詳細
その他の著者: Canal Instituto de Ciencias Naturales Universidad Nacional de Colombia / YouTube
フォーマット: 図書
言語:スペイン語
主題:
オンライン・アクセス:Experiencias en la gestin̤ ambiental para la recuperacin̤ y conservacin̤...
タグ: タグ追加
タグなし, このレコードへの初めてのタグを付けませんか!

MARC

LEADER 00000nam a22000004a 4500
001 vpro9401
005 20201223000000.0
008 151215s2016 ck # g## #001 0#spa#d
020
022
040 |a CO-BoINGC 
041 0 |a spa 
245 1 0 |a Experiencias en la gestin̤ ambiental para la recuperacin̤ y conservacin̤... 
246 |a Environmental Management Experiences for Restoration and Conservation... 
264 |a Bogot ̀(Colombia) :  |b Revista VirtualPRO,  |c 2016 
520 3
650 \ \ |a Ciencias ambientales e ingeniera̕ 
650 \ \ |a Gestin̤ ambiental 
650 \ \ |a Environmental sciences and engineering 
650 \ \ |a Environmental management 
650 \ \ |a ciencias ambientales 
650 \ \ |a gestin̤ ambiental 
650 \ \ |a medio ambiente 
650 \ \ |a environmental sciences 
650 \ \ |a environmental management 
650 \ \ |a environment  
700 \ \ |a Canal Instituto de Ciencias Naturales Universidad Nacional de Colombia / YouTube 
856 |z Experiencias en la gestin̤ ambiental para la recuperacin̤ y conservacin̤...  |u https://virtualpro.unach.elogim.com/biblioteca/experiencias-en-la-gestion-ambiental-para-la-recuperacion-y-conservacion-